000 00411nam a2200181Ia 4500
005 20250603145448.0
008 250603s9999 xx 000 0 und d
020 _a9781544996
050 _aPR 9387 .S64/
100 _aṢofọla, ’Zulú
245 0 _aOld wines are tasty
260 _aIbadan
260 _bUniversity Press ltd
260 _c2006
300 _a58 p
650 _aIbadan
942 _cBK
999 _c41926
_d41926